00764nam a22002297a 450000500170000001000130001702000250003003500130005503700160006804000120008408200170009610000260011324500600013926000440019927000460024330000240028965000240031365000260033794200260036399900190038995201260040820170124110236.0 aB-229143 c95.00a9788173814921 aB-229143 bCen Lib/Ret aDPLbEN a616.995bSAX aSaxena, Rajeev942044 aTuberculosis treated by Homoepathy /cby Rajeev saxena  aKolkata bNew central book agencyc2006 bkolkata a8/1 Chntamoni Das Lane e700009 aix,104p.c24cm(pbk) aTuberculosis919768 aHomoeopathyx 942045 2ddccENh616.995mSAX c134877d134877 00104070aLbLd2015-07-31eCen Lib/Retg95.00l0o616.995 SAXpB-229143r2015-07-31 00:00:00t1v95.00w2016-09-15yEN